000 00659nam a2200193Ia 4500
003 GCL
008 140319s9999 xx 000 0 ara d
040 _aGCL /
_cGCL
082 0 4 _a953.074
_bع م
100 1 _aايمن فؤاد سيد
245 1 0 _aمسالك الابصار فى ممالك الامصار: القسم الخاص بمملكة اليمن /
_cايمن فؤاد سيد
700 1 _aالعمرى، شهاب الدين احمد بن على، 1300-1348 م
260 _aالقاهرة :
_bدار الاعتصام ،
_c1974
300 _a75 ص ؛
_c18 سم
490 _a
650 0 4 _aتاريخ
650 0 4 _aاليمن
942 _2ddc
_cBK
999 _c66333
_d66333